|
|
|
|
| LEADER |
00699pam a22001938a 4500 |
| 001 |
00016619 |
| 005 |
20171026081022.0 |
| 008 |
110411s2004 ||||||Viesd |
| 041 |
0 |
# |
|a Vie
|
| 082 |
1 |
# |
|a 335.43
|b C000M
|
| 245 |
0 |
0 |
|n T.32
|p Thư từ 1/1868 - giữa tháng 7/1870
|a C.Mác và Ph.Ăng - ghen toàn tập
|
| 260 |
# |
# |
|a H.
|b Chính trị Quốc gia
|c 2004
|
| 300 |
# |
# |
|a 1263 tr.
|c 22 cm.
|
| 653 |
# |
# |
|a C. Mác
|a 1868 - 1870
|a Thư từ
|a Ph.Ăng - ghen
|
| 852 |
# |
# |
|b Kho mượn
|j KM.0001034
|
| 852 |
# |
# |
|j KD.0001943
|b Kho đọc
|
| 852 |
# |
# |
|j KM.0001034
|j KD.0001943
|
| 910 |
|
|
|d 11/04/2011
|
| 980 |
# |
# |
|a Trung tâm Học liệu Lê Vũ Hùng, Trường Đại học Đồng Tháp
|